=LDR 00000nam 2200000 4500 =001 INLIS000000000000652 =005 20201023094826 =035 ##$$a 0010-061300000000652 =008 201023################g##########0#ind## =041 ##$$a Ind =082 ##$$a 070.4 =090 ##$$a 92(Diah) Dia k =100 ##$$a Diah, Herawati =245 1#$$a Kembara tiada berakhir /$c Herawati Diah; penyunting Debra H Yatim =260 ##$$a Jakarta :$b Yayasan Keluarga,$c 1993 =300 ##$$a x, 355 hlm. : $b ilus ; $c 21 x 14,5 cm. =650 #4$$a Diah, Herawati =700 #$$a Yatim, Debra =850 ##$$a NBPNMAT =084 ##$$a 070.4 DIA k =250 ##$$a cet. 1 =520 ##$$a Indeks hlm. 345-354 =990 ##$$a DW99002077 =990 ##$$a 77.282/pro-94